[Event "Stay Safe Play From Home 381"]
[Site "Emanuel Lasker Arena"]
[Date "2020.08.13"]
[Round "3"]
[White "Padmaesh M K"]
[Black "Ionelluca"]
[Result "0-1"]
[WhiteElo "1853"]
[BlackElo "1914"]
[PlyCount "152"]
[EventDate "2020.08.13"]
[EventType "swiss (blitz)"]

1. Nf3 {[%emt 0:00:11]} Nf6 {[%emt 0:00:02]} 2. g3 {[%emt 0:00:02]} b6 {[%emt 0:00:01]} 3. Bg2 {[%emt 0:00:00]} Bb7 {[%emt 0:00:00]} 4. O-O {[%emt 0:00:00]} g6 {[%emt 0:00:00]} 5. c4 {[%emt 0:00:03]} Bg7 {[%emt 0:00:01]} 6. Nc3 {[%emt 0:00:01]} c5 {[%emt 0:00:01]} 7. d4 {[%emt 0:00:05]} cxd4 {[%emt 0:00:01]} 8. Qxd4 {[%emt 0:00:03]} O-O {[%emt 0:00:01]} 9. Bg5 {[%emt 0:00:03]} d6 {[%emt 0:00:01]} 10. Qd2 {[%emt 0:00:01]} Nbd7 {[%emt 0:00:01]} 11. Rad1 {[%emt 0:00:02]} Rb8 {[%emt 0:00:01]} 12. e4 {[%emt 0:00:03]} Nxe4 {[%emt 0:00:04]} 13. Nxe4 {[%emt 0:00:14]} Bxe4 {[%emt 0:00:01]} 14. Qe2 {[%emt 0:00:01]} Bxf3 {[%emt 0:00:10]} 15. Bxf3 {[%emt 0:00:01]} Ne5 {[%emt 0:00:01]} 16. Bg2 {[%emt 0:00:07]} Qc7 {[%emt 0:00:02]} 17. f4 {[%emt 0:00:07]} Nxc4 {[%emt 0:00:23]} 18. Rc1 {[%emt 0:00:06]} b5 {[%emt 0:00:10]} 19. b3 {[%emt 0:00:03]} Qb6+ {[%emt 0:00:01]} 20. Kh1 {[%emt 0:00:02]} Ne3 {[%emt 0:00:02]} 21. Rf3 {[%emt 0:00:10]} Nxg2 {[%emt 0:00:04]} 22. Kxg2 {[%emt 0:00:00]} f6 {[%emt 0:00:01]} 23. Bh4 {[%emt 0:00:02]} e5 {[%emt 0:00:04]} 24. Qe4 {[%emt 0:00:07]} Qb7 {[%emt 0:00:04]} 25. Qxb7 {[%emt 0:00:12]} Rxb7 {[%emt 0:00:02]} 26. Rd3 {[%emt 0:00:01]} Rb6 {[%emt 0:00:07]} 27. Rcd1 {[%emt 0:00:03]} exf4 {[%emt 0:00:04]} 28. gxf4 {[%emt 0:00:02]} Rd8 {[%emt 0:00:01]} 29. Bg3 {[%emt 0:00:01]} f5 {[%emt 0:00:02]} 30. Bf2 {[%emt 0:00:03]} Rc6 {[%emt 0:00:01]} 31. Bxa7 {[%emt 0:00:04]} Ra8 {[%emt 0:00:02]} 32. Bd4 {[%emt 0:00:06]} Rxa2+ {[%emt 0:00:02]} 33. Kh1 {[%emt 0:00:02]} Rcc2 {[%emt 0:00:05]} 34. Bxg7 {[%emt 0:00:11]} Rxh2+ {[%emt 0:00:02]} 35. Kg1 {[%emt 0:00:02]} Raf2 {[%emt 0:00:01]} 36. Bd4 {[%emt 0:00:09]} Rfg2+ {[%emt 0:00:16]} 37. Kf1 {[%emt 0:00:01]} Rg4 {[%emt 0:00:02]} 38. Be3 {[%emt 0:00:02]} Rh1+ {[%emt 0:00:03]} 39. Ke2 {[%emt 0:00:02]} Rxd1 {[%emt 0:00:03]} 40. Rxd1 {[%emt 0:00:00]} g5 {[%emt 0:00:01]} 41. fxg5 {[%emt 0:00:02]} f4 {[%emt 0:00:01]} 42. Bf2 {[%emt 0:00:02]} Rxg5 {[%emt 0:00:02]} 43. Rxd6 {[%emt 0:00:00]} Kf7 {[%emt 0:00:02]} 44. b4 {[%emt 0:00:01]} h5 {[%emt 0:00:07]} 45. Rb6 {[%emt 0:00:01]} h4 {[%emt 0:00:01]} 46. Rb7+ {[%emt 0:00:01]} Kg6 {[%emt 0:00:02]} 47. Bxh4 {[%emt 0:00:01]} Rg4 {[%emt 0:00:01]} 48. Bf2 {[%emt 0:00:02]} f3+ {[%emt 0:00:01]} 49. Kxf3 {[%emt 0:00:01]} Rxb4 {[%emt 0:00:01]} 50. Rb6+ {[%emt 0:00:01]} Kf5 {[%emt 0:00:01]} 51. Be3 {[%emt 0:00:01]} Rb3 {[%emt 0:00:01]} 52. Rb8 {[%emt 0:00:01]} Ke5 {[%emt 0:00:01]} 53. Rf8 {[%emt 0:00:00]} Kd5 {[%emt 0:00:01]} 54. Rd8+ {[%emt 0:00:01]} Kc4 {[%emt 0:00:01]} 55. Rc8+ {[%emt 0:00:01]} Kb4 {[%emt 0:00:01]} 56. Ke4 {[%emt 0:00:03]} Rb1 {[%emt 0:00:02]} 57. Kd4 {[%emt 0:00:00]} Kb3 {[%emt 0:00:01]} 58. Kd3 {[%emt 0:00:01]} Rd1+ {[%emt 0:00:01]} 59. Bd2 {[%emt 0:00:00]} Rh1 {[%emt 0:00:01]} 60. Rc3+ {[%emt 0:00:01]} Kb2 {[%emt 0:00:01]} 61. Rc2+ {[%emt 0:00:00]} Ka3 {[%emt 0:00:01]} 62. Rc3+ {[%emt 0:00:01]} Ka4 {[%emt 0:00:01]} 63. Rc2 {[%emt 0:00:01]} b4 {[%emt 0:00:01]} 64. Rc3 {[%emt 0:00:01]} bxc3 {[%emt 0:00:02]} 65. Bxc3 {[%emt 0:00:00]} Kb3 {[%emt 0:00:01]} 66. Bd4 {[%emt 0:00:01]} Rh3+ {[%emt 0:00:00]} 67. Ke4 {[%emt 0:00:00]} Kc4 {[%emt 0:00:01]} 68. Be5 {[%emt 0:00:00]} Rh1 {[%emt 0:00:01]} 69. Kf5 {[%emt 0:00:00]} Rf1+ {[%emt 0:00:01]} 70. Ke6 {[%emt 0:00:00]} Re1 {[%emt 0:00:02]} 71. Kd6 {[%emt 0:00:00]} Kd3 {[%emt 0:00:01]} 72. Bf6 {[%emt 0:00:00]} Ke4 {[%emt 0:00:00]} 73. Be7 {[%emt 0:00:00]} Rd1+ {[%emt 0:00:00]} 74. Ke6 {[%emt 0:00:00]} Rf1 {[%emt 0:00:00]} 75. Kd7 {[%emt 0:00:01]} Rf5 {[%emt 0:00:00]} 76. Kc8 {[%emt 0:00:00]} Rd5 {[%emt 0:00:00] Time Time Time (Lag: Av=0.86s, max=2.3s) (Lag: Av=0.86s, max=2.3s) (Lag: Av=0.86s, max=2.3s) . . .} 0-1

[Event "Stay Safe Play From Home 381"]
[Site "Emanuel Lasker Arena"]
[Date "2020.08.13"]
[Round "3"]
[White "Greblah"]
[Black "SelamiSahin"]
[Result "0-1"]
[WhiteElo "1839"]
[BlackElo "2172"]
[PlyCount "54"]
[EventDate "2020.08.13"]
[EventType "swiss (blitz)"]

{- Yarar, Atakan} 1. e4 {[%emt 0:00:01]} c6 {[%emt 0:00:06]} 2. d4 {[%emt 0:00:01]} d5 {[%emt 0:00:00]} 3. exd5 {[%emt 0:00:00]} cxd5 {[%emt 0:00:02]} 4. Bd3 {[%emt 0:00:00]} Nc6 {[%emt 0:00:01]} 5. c3 {[%emt 0:00:00]} Qc7 {[%emt 0:00:01]} 6. Ne2 {[%emt 0:00:00]} Bg4 {[%emt 0:00:00]} 7. O-O {[%emt 0:00:01]} e6 {[%emt 0:00:00]} 8. Qe1 {[%emt 0:00:01]} Bd6 {[%emt 0:00:01]} 9. f3 {[%emt 0:00:01]} Bh5 {[%emt 0:00:02]} 10. Qh4 {[%emt 0:00:01]} Nf6 {[%emt 0:00:01]} 11. Bg5 {[%emt 0:00:11]} Bg6 {[%emt 0:00:01]} 12. Bxg6 {[%emt 0:00:02]} fxg6 {[%emt 0:00:00]} 13. Bxf6 {[%emt 0:00:03]} gxf6 {[%emt 0:00:00]} 14. Qxf6 {[%emt 0:00:02]} Kd7 {[%emt 0:00:07]} 15. Nf4 {[%emt 0:00:11]} Bxf4 {[%emt 0:00:01]} 16. Qf7+ {[%emt 0:00:14]} Ne7 {[%emt 0:00:02]} 17. Re1 {[%emt 0:00:05]} Qd6 {[%emt 0:00:16]} 18. Na3 {[%emt 0:00:20]} a6 {[%emt 0:00:02]} 19. c4 {[%emt 0:00:05]} b6 {[%emt 0:00:06]} 20. c5 {[%emt 0:00:06]} bxc5 {[%emt 0:00:08]} 21. g3 {[%emt 0:00:01]} Raf8 {[%emt 0:00:08]} 22. Qg7 {[%emt 0:00:15]} Bxg3 {[%emt 0:00:01]} 23. hxg3 {[%emt 0:00:03]} Qxg3+ {[%emt 0:00:00]} 24. Kh1 {[%emt 0:00:03]} Qh3+ {[%emt 0:00:02]} 25. Kg1 {[%emt 0:00:01]} Rxf3 {[%emt 0:00:03]} 26. Qe5 {[%emt 0:00:12]} Rg3+ {[%emt 0:00:06]} 27. Kf2 {[%emt 0:00:01]} Qg2# {[%emt 0:00:01] (Lag: Av=0.39s, max=0.5s) (Lag: Av=0.39s, max=0.5s) (Lag: Av=0.39s, max=0.5s)} 0-1

[Event "Stay Safe Play From Home 381"]
[Site "Emanuel Lasker Arena"]
[Date "2020.08.13"]
[Round "3"]
[White "Kongle"]
[Black "Lolzz"]
[Result "0-1"]
[WhiteElo "1754"]
[BlackElo "2096"]
[PlyCount "54"]
[EventDate "2020.08.13"]
[EventType "swiss (blitz)"]

1. e4 {[%emt 0:00:11]} e5 {[%emt 0:00:02]} 2. Nf3 {[%emt 0:00:01]} Nc6 {[%emt 0:00:04]} 3. Bb5 {[%emt 0:00:01]} Nf6 {[%emt 0:00:05]} 4. Nc3 {[%emt 0:00:03]} Nd4 {[%emt 0:00:04]} 5. Nxd4 {[%emt 0:00:03]} exd4 {[%emt 0:00:02]} 6. Ne2 {[%emt 0:00:03]} Nxe4 {[%emt 0:00:05]} 7. d3 {[%emt 0:00:01]} Bb4+ {[%emt 0:00:06]} 8. Kf1 {[%emt 0:00:40]} Nf6 {[%emt 0:00:09]} 9. Nxd4 {[%emt 0:00:04]} O-O {[%emt 0:00:06]} 10. Bg5 {[%emt 0:00:04]} d5 {[%emt 0:00:08]} 11. h3 {[%emt 0:00:05]} h6 {[%emt 0:00:04]} 12. Bh4 {[%emt 0:00:03]} Bd6 {[%emt 0:00:06]} 13. c4 {[%emt 0:00:03]} g5 {[%emt 0:00:05]} 14. Bg3 {[%emt 0:00:15]} Bxg3 {[%emt 0:00:02]} 15. fxg3 {[%emt 0:00:01]} c6 {[%emt 0:00:03]} 16. Ba4 {[%emt 0:00:03]} dxc4 {[%emt 0:00:02]} 17. dxc4 {[%emt 0:00:02]} Ne4 {[%emt 0:00:03]} 18. Qd3 {[%emt 0:00:11]} Nc5 {[%emt 0:00:06]} 19. Qd1 {[%emt 0:00:38]} Nxa4 {[%emt 0:00:04]} 20. Qxa4 {[%emt 0:00:11]} Qxd4 {[%emt 0:00:01]} 21. Rd1 {[%emt 0:00:01]} Qxb2 {[%emt 0:00:05]} 22. Kg1 {[%emt 0:00:04]} Re8 {[%emt 0:00:07]} 23. Kh2 {[%emt 0:00:01]} Re2 {[%emt 0:00:19]} 24. Rhg1 {[%emt 0:00:02]} Bxh3 {[%emt 0:00:05]} 25. Kxh3 {[%emt 0:00:02]} Qe5 {[%emt 0:00:04]} 26. Rd3 {[%emt 0:00:04]} g4+ {[%emt 0:00:04]} 27. Kh2 {[%emt 0:00:01]} Qh5# {[%emt 0:00:05] Mate Mate Mate (Lag: Av=1.26s, max=2.6s) (Lag: Av=1.26s, max=2.6s) (Lag: Av=1.26s, max=2.6s)} 0-1

[Event "Stay Safe Play From Home 381"]
[Site "Emanuel Lasker Arena"]
[Date "2020.08.13"]
[Round "4"]
[White "SelamiSahin"]
[Black "Hickey"]
[Result "0-1"]
[WhiteElo "2177"]
[BlackElo "2090"]
[PlyCount "150"]
[EventDate "2020.08.13"]
[EventType "swiss (blitz)"]

{Yarar, Atakan} 1. d4 {[%emt 0:00:01]} Nf6 {[%emt 0:00:01]} 2. c4 {[%emt 0:00:01]} e6 {[%emt 0:00:01]} 3. Nc3 {[%emt 0:00:01]} Bb4 {[%emt 0:00:00]} 4. f3 {[%emt 0:00:01]} d5 {[%emt 0:00:09]} 5. a3 {[%emt 0:00:04]} Bxc3+ {[%emt 0:00:02]} 6. bxc3 {[%emt 0:00:01]} O-O {[%emt 0:00:01]} 7. e3 {[%emt 0:00:02]} c6 {[%emt 0:00:25]} 8. Bd3 {[%emt 0:00:01]} b6 {[%emt 0:00:01]} 9. Ne2 {[%emt 0:00:04]} Ba6 {[%emt 0:00:01]} 10. cxd5 {[%emt 0:00:02]} Bxd3 {[%emt 0:00:02]} 11. Qxd3 {[%emt 0:00:02]} cxd5 {[%emt 0:00:03]} 12. O-O {[%emt 0:00:05]} Nc6 {[%emt 0:00:02]} 13. Ng3 {[%emt 0:00:04]} Rc8 {[%emt 0:00:05]} 14. e4 {[%emt 0:00:01]} Na5 {[%emt 0:00:10]} 15. Bg5 {[%emt 0:00:06]} h6 {[%emt 0:00:14]} 16. Bxf6 {[%emt 0:00:01]} Qxf6 {[%emt 0:00:01]} 17. f4 {[%emt 0:00:00]} dxe4 {[%emt 0:00:04]} 18. Nxe4 {[%emt 0:00:00]} Qf5 {[%emt 0:00:05]} 19. Qf3 {[%emt 0:00:05]} Rfd8 {[%emt 0:00:04]} 20. g4 {[%emt 0:00:04]} Qd5 {[%emt 0:00:02]} 21. Rae1 {[%emt 0:00:08]} Nc4 {[%emt 0:00:02]} 22. f5 {[%emt 0:00:03]} Nd6 {[%emt 0:00:33]} 23. Nxd6 {[%emt 0:00:09]} Qxf3 {[%emt 0:00:02]} 24. Rxf3 {[%emt 0:00:04]} Rxd6 {[%emt 0:00:00]} 25. fxe6 {[%emt 0:00:02]} fxe6 {[%emt 0:00:00]} 26. Kf2 {[%emt 0:00:11]} Rdc6 {[%emt 0:00:02]} 27. Ree3 {[%emt 0:00:07]} Rf8 {[%emt 0:00:01]} 28. Rxf8+ {[%emt 0:00:03]} Kxf8 {[%emt 0:00:01]} 29. Kf3 {[%emt 0:00:00]} Ke7 {[%emt 0:00:02]} 30. Ke4 {[%emt 0:00:00]} Kd6 {[%emt 0:00:01]} 31. h4 {[%emt 0:00:02]} Rc4 {[%emt 0:00:01]} 32. Rf3 {[%emt 0:00:05]} Ra4 {[%emt 0:00:03]} 33. Kd3 {[%emt 0:00:06]} Ke7 {[%emt 0:00:02]} 34. g5 {[%emt 0:00:03]} hxg5 {[%emt 0:00:01]} 35. hxg5 {[%emt 0:00:00]} Rxa3 {[%emt 0:00:04]} 36. g6 {[%emt 0:00:00]} Ra1 {[%emt 0:00:01]} 37. Rf7+ {[%emt 0:00:01]} Kd6 {[%emt 0:00:00]} 38. Rxg7 {[%emt 0:00:01]} Rg1 {[%emt 0:00:00]} 39. Rxa7 {[%emt 0:00:05]} Rxg6 {[%emt 0:00:01]} 40. Kc4 {[%emt 0:00:00]} Rg5 {[%emt 0:00:01]} 41. Rh7 {[%emt 0:00:03]} Kc6 {[%emt 0:00:01]} 42. Rh6 {[%emt 0:00:01]} Kd6 {[%emt 0:00:00]} 43. Kb4 {[%emt 0:00:01]} Rd5 {[%emt 0:00:00]} 44. Rh4 {[%emt 0:00:02]} Kc6 {[%emt 0:00:01]} 45. Re4 {[%emt 0:00:01]} Kd6 {[%emt 0:00:01]} 46. c4 {[%emt 0:00:01]} Rf5 {[%emt 0:00:00]} 47. Rh4 {[%emt 0:00:02]} Kd7 {[%emt 0:00:01]} 48. Rh7+ {[%emt 0:00:01]} Kc6 {[%emt 0:00:00]} 49. Re7 {[%emt 0:00:02]} Kd6 {[%emt 0:00:01]} 50. Rh7 {[%emt 0:00:01]} Kc6 {[%emt 0:00:01]} 51. Kc3 {[%emt 0:00:04] Hickey offers a draw Hickey offers a draw Hickey offers a draw} Rf3+ {[%emt 0:00:02]} 52. Kd2 {[%emt 0:00:01]} Rf5 {[%emt 0:00:00]} 53. Ke3 {[%emt 0:00:01]} Kd6 {[%emt 0:00:01]} 54. Ke4 {[%emt 0:00:01]} Rg5 {[%emt 0:00:01]} 55. Rh4 {[%emt 0:00:02]} Rg1 {[%emt 0:00:02]} 56. Rh2 {[%emt 0:00:03]} Re1+ {[%emt 0:00:01]} 57. Kd3 {[%emt 0:00:01]} Rd1+ {[%emt 0:00:01]} 58. Kc3 {[%emt 0:00:02]} Rc1+ {[%emt 0:00:01]} 59. Kb3 {[%emt 0:00:00]} Rd1 {[%emt 0:00:00]} 60. Rh4 {[%emt 0:00:02]} Rd3+ {[%emt 0:00:00]} 61. Kb4 {[%emt 0:00:01]} Rg3 {[%emt 0:00:00]} 62. Kb5 {[%emt 0:00:01]} Rb3+ {[%emt 0:00:00]} 63. Ka6 {[%emt 0:00:04]} Rb4 {[%emt 0:00:00]} 64. Rg4 {[%emt 0:00:13]} Rxc4 {[%emt 0:00:01]} 65. Kxb6 {[%emt 0:00:00]} Kd5 {[%emt 0:00:01]} 66. Rg5+ {[%emt 0:00:01]} Kxd4 {[%emt 0:00:00]} 67. Kb5 {[%emt 0:00:01]} e5 {[%emt 0:00:00]} 68. Rg4+ {[%emt 0:00:01]} e4 {[%emt 0:00:00]} 69. Rg3 {[%emt 0:00:01]} Rc3 {[%emt 0:00:01]} 70. Rg2 {[%emt 0:00:01]} Rd3 {[%emt 0:00:01]} 71. Kb4 {[%emt 0:00:01]} e3 {[%emt 0:00:00]} 72. Re2 {[%emt 0:00:02]} Ke5 {[%emt 0:00:00]} 73. Kc4 {[%emt 0:00:02]} Ke4 {[%emt 0:00:00]} 74. Re1 {[%emt 0:00:01]} Rd2 {[%emt 0:00:00]} 75. Kc3 {[%emt 0:00:00]} Kf3 {[%emt 0:00:00] Zaman Zaman Zaman (Lag: Av=0.69s, max=1.3s) (Lag: Av=0.69s, max=1.3s) (Lag: Av=0.69s, max=1.3s)} 0-1

[Event "Stay Safe Play From Home 381"]
[Site "Emanuel Lasker Arena"]
[Date "2020.08.13"]
[Round "4"]
[White "Lolzz"]
[Black "Padmaesh M K"]
[Result "1-0"]
[WhiteElo "2100"]
[BlackElo "1839"]
[PlyCount "64"]
[EventDate "2020.08.13"]
[EventType "swiss (blitz)"]

1. d4 {[%emt 0:00:01]} Nf6 {[%emt 0:00:02]} 2. c4 {[%emt 0:00:02]} g6 {[%emt 0:00:00]} 3. Nc3 {[%emt 0:00:02]} Bg7 {[%emt 0:00:00]} 4. e4 {[%emt 0:00:10]} d6 {[%emt 0:00:01]} 5. Nf3 {[%emt 0:00:01]} O-O {[%emt 0:00:02]} 6. Be3 {[%emt 0:00:05]} Nbd7 {[%emt 0:00:01]} 7. h3 {[%emt 0:00:04]} e5 {[%emt 0:00:01]} 8. d5 {[%emt 0:00:04]} Re8 {[%emt 0:00:05]} 9. Qc2 {[%emt 0:00:07]} a5 {[%emt 0:00:01]} 10. a3 {[%emt 0:00:07]} b6 {[%emt 0:00:02]} 11. Be2 {[%emt 0:00:03]} a4 {[%emt 0:00:01]} 12. O-O {[%emt 0:00:05]} Nc5 {[%emt 0:00:06]} 13. Nd2 {[%emt 0:00:05]} Bd7 {[%emt 0:00:03]} 14. Rac1 {[%emt 0:00:05]} h5 {[%emt 0:00:07]} 15. Rce1 {[%emt 0:00:05]} Nh7 {[%emt 0:00:05]} 16. Kh2 {[%emt 0:00:05]} f5 {[%emt 0:00:06]} 17. exf5 {[%emt 0:00:03]} Bxf5 {[%emt 0:00:00]} 18. Nce4 {[%emt 0:00:06]} Qh4 {[%emt 0:00:14]} 19. f3 {[%emt 0:00:07]} Rf8 {[%emt 0:00:25]} 20. Bd3 {[%emt 0:00:05]} Nxd3 {[%emt 0:00:06]} 21. Qxd3 {[%emt 0:00:00]} Ng5 {[%emt 0:00:26]} 22. Bf2 {[%emt 0:00:12]} Bxe4 {[%emt 0:00:17]} 23. Rxe4 {[%emt 0:00:07]} Nxf3+ {[%emt 0:00:08]} 24. Nxf3 {[%emt 0:00:04]} Qe7 {[%emt 0:00:19]} 25. Bh4 {[%emt 0:00:03]} Bf6 {[%emt 0:00:01]} 26. Ree1 {[%emt 0:00:06]} Bxh4 {[%emt 0:00:02]} 27. Nxh4 {[%emt 0:00:04]} Qxh4 {[%emt 0:00:03]} 28. Qxg6+ {[%emt 0:00:02]} Kh8 {[%emt 0:00:00]} 29. Qh6+ {[%emt 0:00:04]} Kg8 {[%emt 0:00:01]} 30. Qg6+ {[%emt 0:00:03]} Kh8 {[%emt 0:00:01]} 31. Re4 {[%emt 0:00:03]} Qf6 {[%emt 0:00:05]} 32. Rxf6 {[%emt 0:00:06]} Rxf6 {[%emt 0:00:00] Padmaesh M K resigns Padmaesh M K resigns Padmaesh M K resigns} 1-0

[Event "Stay Safe Play From Home 381"]
[Site "Emanuel Lasker Arena"]
[Date "2020.08.13"]
[Round "4"]
[White "Chesstiger9"]
[Black "Mepe_Nika"]
[Result "0-1"]
[WhiteElo "1998"]
[BlackElo "2372"]
[PlyCount "122"]
[EventDate "2020.08.13"]
[EventType "swiss (blitz)"]

{Volkov, Yuri} 1. d4 {[%emt 0:00:02]} d5 {[%emt 0:00:01]} 2. c4 {[%emt 0:00:01]} c6 {[%emt 0:00:01]} 3. Nc3 {[%emt 0:00:02]} Nf6 {[%emt 0:00:01]} 4. Nf3 {[%emt 0:00:01]} e6 {[%emt 0:00:01]} 5. e3 {[%emt 0:00:03]} Nbd7 {[%emt 0:00:02]} 6. Bd3 {[%emt 0:00:02]} dxc4 {[%emt 0:00:01]} 7. Bxc4 {[%emt 0:00:01]} b5 {[%emt 0:00:00]} 8. Bd3 {[%emt 0:00:01]} Bd6 {[%emt 0:00:00]} 9. O-O {[%emt 0:00:03]} O-O {[%emt 0:00:01]} 10. e4 {[%emt 0:00:05]} e5 {[%emt 0:00:01]} 11. dxe5 {[%emt 0:00:01]} Nxe5 {[%emt 0:00:01]} 12. Nxe5 {[%emt 0:00:02]} Bxe5 {[%emt 0:00:00]} 13. f4 {[%emt 0:00:01]} Bd4+ {[%emt 0:00:03]} 14. Kh1 {[%emt 0:00:01]} Ng4 {[%emt 0:00:00]} 15. Qf3 {[%emt 0:00:03]} Qh4 {[%emt 0:00:18]} 16. h3 {[%emt 0:00:10]} Nf2+ {[%emt 0:00:23]} 17. Kh2 {[%emt 0:00:01]} Ng4+ {[%emt 0:00:02]} 18. Kh1 {[%emt 0:00:01]} Nf2+ {[%emt 0:00:14]} 19. Kh2 {[%emt 0:00:01]} Bg4 {[%emt 0:00:07]} 20. Qg3 {[%emt 0:00:14]} Qxg3+ {[%emt 0:00:29]} 21. Kxg3 {[%emt 0:00:00]} Nxd3 {[%emt 0:00:00]} 22. hxg4 {[%emt 0:00:03]} b4 {[%emt 0:00:05]} 23. Na4 {[%emt 0:00:04]} c5 {[%emt 0:00:02]} 24. Rd1 {[%emt 0:00:06]} c4 {[%emt 0:00:05]} 25. Rb1 {[%emt 0:00:08]} Rfd8 {[%emt 0:00:03]} 26. Bd2 {[%emt 0:00:03]} a5 {[%emt 0:00:07]} 27. Kf3 {[%emt 0:00:02]} Rac8 {[%emt 0:00:03]} 28. Be3 {[%emt 0:00:04]} f6 {[%emt 0:00:07]} 29. Rd2 {[%emt 0:00:05]} Kf7 {[%emt 0:00:02]} 30. Rbd1 {[%emt 0:00:02]} Rc6 {[%emt 0:00:03]} 31. Bxd4 {[%emt 0:00:06]} Rxd4 {[%emt 0:00:00]} 32. b3 {[%emt 0:00:00]} Rcd6 {[%emt 0:00:02]} 33. Ke3 {[%emt 0:00:15]} g5 {[%emt 0:00:22] Mepe_Nika offers a draw Mepe_Nika offers a draw Mepe_Nika offers a draw} 34. bxc4 {[%emt 0:00:04]} gxf4+ {[%emt 0:00:02]} 35. Ke2 {[%emt 0:00:01]} Nc1+ {[%emt 0:00:03]} 36. Ke1 {[%emt 0:00:03]} Rxd2 {[%emt 0:00:02]} 37. Rxd2 {[%emt 0:00:02]} Rxd2 {[%emt 0:00:00]} 38. Kxd2 {[%emt 0:00:01]} Nxa2 {[%emt 0:00:00]} 39. c5 {[%emt 0:00:02]} Ke6 {[%emt 0:00:01]} 40. Kc2 {[%emt 0:00:03]} Kd7 {[%emt 0:00:01]} 41. Kb3 {[%emt 0:00:01]} Nc3 {[%emt 0:00:00]} 42. Kc4 {[%emt 0:00:02]} Nxa4 {[%emt 0:00:01]} 43. Kb5 {[%emt 0:00:03]} Nxc5 {[%emt 0:00:01]} 44. Kxc5 {[%emt 0:00:01]} b3 {[%emt 0:00:00]} 45. Kd5 {[%emt 0:00:01]} b2 {[%emt 0:00:00]} 46. e5 {[%emt 0:00:00]} b1=Q {[%emt 0:00:00]} 47. e6+ {[%emt 0:00:01]} Ke7 {[%emt 0:00:01]} 48. g5 {[%emt 0:00:02]} a4 {[%emt 0:00:00]} 49. gxf6+ {[%emt 0:00:02]} Kxf6 {[%emt 0:00:00]} 50. e7 {[%emt 0:00:01]} Qe1 {[%emt 0:00:00]} 51. e8=Q {[%emt 0:00:01]} Qxe8 {[%emt 0:00:01]} 52. Kd6 {[%emt 0:00:01]} Qe6+ {[%emt 0:00:00]} 53. Kc5 {[%emt 0:00:01]} Qg4 {[%emt 0:00:00]} 54. g3 {[%emt 0:00:01]} fxg3 {[%emt 0:00:01]} 55. Kb5 {[%emt 0:00:01]} g2 {[%emt 0:00:00]} 56. Kb6 {[%emt 0:00:02]} g1=Q+ {[%emt 0:00:00]} 57. Ka5 {[%emt 0:00:01]} Qf5+ {[%emt 0:00:01]} 58. Ka6 {[%emt 0:00:02]} Qgg6 {[%emt 0:00:00]} 59. Kb6 {[%emt 0:00:02]} Kg5+ {[%emt 0:00:00]} 60. Kb7 {[%emt 0:00:02]} Qff7+ {[%emt 0:00:00]} 61. Kc8 {[%emt 0:00:02]} Qgg8# {[%emt 0:00:00] (Lag: Av=0.39s, max=0.7s) (Lag: Av=0.39s, max=0.7s) (Lag: Av=0.39s, max=0.7s)} 0-1

[Event "Stay Safe Play From Home 381"]
[Site "Emanuel Lasker Arena"]
[Date "2020.08.13"]
[Round "4"]
[White "Lazieri3"]
[Black "Haris kollari 13"]
[Result "0-1"]
[WhiteElo "1953"]
[BlackElo "1890"]
[Annotator "NA"]
[PlyCount "86"]
[EventDate "2020.08.13"]
[EventType "swiss (blitz)"]

1. e4 {[%emt 0:00:01]} e6 {[%emt 0:00:01]} 2. Nc3 {[%emt 0:00:00]} d5 {[%emt 0:00:03]} 3. exd5 {[%emt 0:00:00]} exd5 {[%emt 0:00:01]} 4. d4 {[%emt 0:00:00]} c6 {[%emt 0:00:01]} 5. Nf3 {[%emt 0:00:00]} Bd6 {[%emt 0:00:01]} 6. Be3 {[%emt 0:00:01]} Bg4 {[%emt 0:00:02]} 7. Bd3 {[%emt 0:00:00]} Nf6 {[%emt 0:00:02]} 8. h3 {[%emt 0:00:01]} Bh5 {[%emt 0:00:02]} 9. Qd2 {[%emt 0:00:04]} Bxf3 {[%emt 0:00:10]} 10. gxf3 {[%emt 0:00:00]} Nbd7 {[%emt 0:00:01]} 11. Rg1 {[%emt 0:00:01]} g6 {[%emt 0:00:03]} 12. f4 {[%emt 0:00:01]} Qc7 {[%emt 0:00:02]} 13. f5 {[%emt 0:00:01]} O-O-O {[%emt 0:00:02]} 14. O-O-O {[%emt 0:00:02]} Rde8 {[%emt 0:00:02]} 15. f3 {[%emt 0:00:05]} Nh5 {[%emt 0:00:03]} 16. fxg6 {[%emt 0:00:02]} hxg6 {[%emt 0:00:02]} 17. Rdf1 {[%emt 0:00:07]} Rxe3 {[%emt 0:00:02]} 18. Qg2 {[%emt 0:00:10]} Nf4 {[%emt 0:00:05]} 19. Qd2 {[%emt 0:00:02]} Nxd3+ {[%emt 0:00:01]} 20. cxd3 {[%emt 0:00:03]} Bf4 {[%emt 0:00:01]} 21. Kc2 {[%emt 0:00:01]} Rhe8 {[%emt 0:00:02]} 22. Kb1 {[%emt 0:00:15]} g5 {[%emt 0:00:17]} 23. Qc2 {[%emt 0:00:07]} Kb8 {[%emt 0:00:04]} 24. Qb3 {[%emt 0:00:03]} Rxd3 {[%emt 0:00:04]} 25. Rg4 {[%emt 0:00:03]} f5 {[%emt 0:00:05]} 26. Rg2 {[%emt 0:00:02]} Rxd4 {[%emt 0:00:03]} 27. Rc2 {[%emt 0:00:04]} Qd6 {[%emt 0:00:03]} 28. Ne2 {[%emt 0:00:07]} Rb4 {[%emt 0:00:05]} 29. Qa3 {[%emt 0:00:07]} Rc4 {[%emt 0:00:10]} 30. Nc3 {[%emt 0:00:03]} Qxa3 {[%emt 0:00:02]} 31. bxa3 {[%emt 0:00:01]} Re3 {[%emt 0:00:01]} 32. Nd1 {[%emt 0:00:07]} Rxc2 {[%emt 0:00:06]} 33. Nxe3 {[%emt 0:00:02]} Re2 {[%emt 0:00:09]} 34. Nxf5 {[%emt 0:00:02]} Ne5 {[%emt 0:00:02]} 35. h4 {[%emt 0:00:02]} gxh4 {[%emt 0:00:02]} 36. Nxh4 {[%emt 0:00:00]} Nd3 {[%emt 0:00:02]} 37. Ng6 {[%emt 0:00:08]} Bg5 {[%emt 0:00:02]} 38. Nf8 {[%emt 0:00:12]} Kc7 {[%emt 0:00:03]} 39. Rd1 {[%emt 0:00:08]} Rb2+ {[%emt 0:00:15]} 40. Ka1 {[%emt 0:00:01]} Bf6 {[%emt 0:00:01]} 41. Nh7 {[%emt 0:00:04]} Bh8 {[%emt 0:00:03]} 42. Rxd3 {[%emt 0:00:25]} Rb3+ {[%emt 0:00:01]} 43. Rc3 {[%emt 0:00:06]} Bxc3# {[%emt 0:00:03] (Lag: Av=0.68s, max=3.2s) (Lag: Av=0.68s, max=3.2s) (Lag: Av=0.68s, max=3.2s)} 0-1